Community nursing in developing countries : (Record no. 2645)
[ view plain ]
| 000 -LEADER | |
|---|---|
| fixed length control field | 01034pam a2200313 a 4500 |
| 003 - CONTROL NUMBER IDENTIFIER | |
| control field | OSt |
| 005 - DATE AND TIME OF LATEST TRANSACTION | |
| control field | 20210716053320.0 |
| 008 - FIXED-LENGTH DATA ELEMENTS--GENERAL INFORMATION | |
| fixed length control field | 840918s1986 enka b 001 0 eng c |
| 020 ## - INTERNATIONAL STANDARD BOOK NUMBER | |
| International Standard Book Number | 0192614533 (pbk.) : |
| 040 ## - CATALOGING SOURCE | |
| Transcribing agency | ALUPE UNIVERSITY |
| 043 ## - GEOGRAPHIC AREA CODE | |
| Geographic area code | d------ |
| 050 00 - LIBRARY OF CONGRESS CALL NUMBER | |
| Classification number | RT98 |
| Item number | .B97 1986 |
| 060 ## - NATIONAL LIBRARY OF MEDICINE CALL NUMBER | |
| Classification number | WY 108 B995c |
| 100 1# - MAIN ENTRY--PERSONAL NAME | |
| Personal name | Byrne, Monica. |
| 245 10 - TITLE STATEMENT | |
| Title | Community nursing in developing countries : |
| Remainder of title | a manual for the community nurse / |
| Statement of responsibility, etc. | Monica Byrne, F.J. Bennett. |
| 250 ## - EDITION STATEMENT | |
| Edition statement | 2nd ed. |
| 260 ## - PUBLICATION, DISTRIBUTION, ETC. | |
| Place of publication, distribution, etc. | Oxford ; |
| -- | New York : |
| Name of publisher, distributor, etc. | Oxford University Press, |
| Date of publication, distribution, etc. | 1986. |
| 300 ## - PHYSICAL DESCRIPTION | |
| Extent | 251 p. : |
| Other physical details | ill. ; |
| Dimensions | 25 cm. |
| 440 #0 - SERIES STATEMENT/ADDED ENTRY--TITLE | |
| Title | Oxford medical publications |
| 500 ## - GENERAL NOTE | |
| General note | Includes index. |
| 504 ## - BIBLIOGRAPHY, ETC. NOTE | |
| Bibliography, etc. note | Bibliography: p. [246] |
| 650 #0 - SUBJECT ADDED ENTRY--TOPICAL TERM | |
| Topical term or geographic name entry element | Community health nursing |
| Geographic subdivision | Developing countries. |
| 650 #0 - SUBJECT ADDED ENTRY--TOPICAL TERM | |
| Topical term or geographic name entry element | Public health nursing |
| Geographic subdivision | Developing countries. |
| 650 #2 - SUBJECT ADDED ENTRY--TOPICAL TERM | |
| Topical term or geographic name entry element | Community Health Nursing. |
| 650 #2 - SUBJECT ADDED ENTRY--TOPICAL TERM | |
| Topical term or geographic name entry element | Public Health Nursing. |
| 700 1# - ADDED ENTRY--PERSONAL NAME | |
| Personal name | Bennett, F. J. |
| 906 ## - LOCAL DATA ELEMENT F, LDF (RLIN) | |
| a | 7 |
| b | cbc |
| c | orignew |
| d | 1 |
| e | ocip |
| f | 19 |
| g | y-gencatlg |
| 942 ## - ADDED ENTRY ELEMENTS (KOHA) | |
| Source of classification or shelving scheme | |
| Koha item type | References |
| Suppress in OPAC | JO |
| Withdrawn status | Lost status | Source of classification or shelving scheme | Damaged status | Not for loan | Permanent Location | Current Location | Shelving location | Date acquired | Source of acquisition | Total Checkouts | Full call number | Barcode | Date last seen | Price effective from | Koha item type | Public note | Copy number |
|---|---|---|---|---|---|---|---|---|---|---|---|---|---|---|---|---|---|
| AU LIBRARY | AU LIBRARY | Open Shelf | 16.07.2021 | DONATION FROM MOI UNIVERSITY | REF RT98 .B97 1986 | 28003853 | 16.07.2021 | 16.07.2021 | References | JO | |||||||
| AU LIBRARY | AU LIBRARY | Open Shelf | 31.01.2022 | DONATION FROM MOI UNIVERSITY | RT98 .B97 1986 C2 | 28005100 | 31.01.2022 | 31.01.2022 | Book | PW | 2 |